| 000 | 01244nam a2200301 a 4500 | ||
|---|---|---|---|
| 001 | 000049087 | ||
| 003 | DO-SdBNP | ||
| 005 | 20240305094244.0 | ||
| 007 | ta | ||
| 008 | 190718e2018 drao gr 000 0 1pedspa d | ||
| 020 | _a9789945802146 | ||
| 040 |
_aDO-SdBNP _bspa _cBNPHU |
||
| 082 | 4 |
_bM385e _222 |
|
| 100 | 1 |
_aMartínez Macarrulla, Lidia de _976465 |
|
| 245 | 1 | 0 |
_aEnriquillo : _bguerrillero de América / _cLidia Martínez de Macarrulla; prólogo, Kin Sánchez ; ilustrador, Moisés Alberto Féliz. |
| 260 |
_aSanto Domingo : _b[s.n], _c2018 |
||
| 300 |
_a129 p. : _bil, fotogr.. ; _c23 cm |
||
| 500 | _aIncluye datos biográficos del autor en la solapa de la cubierta | ||
| 500 | _aBibliografía : p. 115-116 | ||
| 505 |
_aPrólogo. _tPrefacio.-- _tClamor de valentía Bongbé.-- _tEnriquillo, Guerrillero de América.-- _tReferencias a Enriquillo, cacique del Bahoruco.-- _tBibliografía.-- _tAgradecimientos.-- _tImágenes de Boyá. |
||
| 590 | _aInventariado, 2019 / BT | ||
| 600 | 1 | 0 |
_aEnriquillo, _d1535- _ccacique, _xFicción _979589 |
| 651 | 4 |
_95916 _aRepública Dominicana _vFicción _xHistoria |
|
| 700 | 1 |
_aSánchez, Kin, _epról. _973641 |
|
| 700 | 1 |
_aFéliz, Moisés Alberto, _eil. _976466 |
|
| 910 | _aMFeliz | ||
| 942 |
_2ddc _cLBS1 |
||
| 999 |
_c48575 _d48575 |
||